000 00951cab a2200289 4500
001 ABS51266
008 090401t1994 xxu||||| |||| 00| 0 eng d
035 _a(Sirsi) u18358
041 _aeng
100 _aKirkwood, J.S.
245 _aNetwork technology: electronic mail, discussion lists and anonymous FTP for property management
260 _c1994
350 _a0
490 _aProperty Management
_v12(3) 1994, 33-38(6)
520 _aExplains the nature and use of new communications technology, and examines their potential application within property management.
650 _aCOMMUNICATIONS TECHNOLOGY
650 _aCOMPUTER NETWORKS
650 _aDISCUSSION LISTS
650 _aELECTRONIC MAIL
650 _aFILE TRANSFER PROTOCOL
650 _aINTERNET
650 _aJANET
650 _aProperty management
_96262
690 _aMANAGEMENT-BUSINESS MANAGEMENT-INFORMATION MANAGEMENT
942 _n0
948 _c04/03/1997
999 _c12194
_d12194